| 000 | 00666cam a22002293a 4500 | ||
|---|---|---|---|
| 001 | 18282 | ||
| 003 | PGUSA | ||
| 005 | 20140828083405.0 | ||
| 008 | 060429s2006||||xxu|||||s|||||000 | eng d | ||
| 040 |
_aPGUSA _beng |
||
| 042 | _adc | ||
| 050 | 4 | _aDS | |
| 100 | 1 |
_aPoblete, Pascual Hicaro, _d1857-1921 |
|
| 245 | 1 | 0 |
_aBuhay at Mga Ginawâ ni Dr. José Rizal _h[electronic resource] / _cPascual Hicaro Poblete |
| 260 |
_bProject Gutenberg, _c2006 |
||
| 506 | _aPublic domain in the USA. | ||
| 516 | _aElectronic text | ||
| 653 | _aRizal, José, 1861-1896 | ||
| 830 | 0 |
_aProject Gutenberg _v18282 |
|
| 856 | 4 | 0 | _uhttp://www.gutenberg.org/ebooks/18282 |
| 942 | _cEB | ||
| 999 |
_c247537 _d247537 |
||